000 00247nam a22001097a 4500
082 _a515.35RAB
100 _aRabonstin
245 _aElementary differential equations with linear algebra
260 _bAcademic
_c1975
300 _a374
942 _cBK
999 _c12485
_d12485